000
00286nam a22001097a 4500
008
260417b |||||||| |||| 00| 0 eng d
100
_a
Sudheer Deshpande
_l
Kannada
245
_a
Surya Namaskar
260
_a
Bangalore
_b
swami vivekananda yoga prakashana
_c
2019
300
_a
34
942
_2
ddc
999
_c
1193
_d
1193